International Railway Economics / Studies in Management and Efficiency (Record no. 4152)
[ view plain ]
| 000 -LEADER | |
|---|---|
| fixed length control field | 01542cam a22002054a 4500 |
| 005 - ΗΜΕΡΟΜΗΝΙΑ ΚΑΙ ΩΡΑ ΤΕΛΕΥΤΑΙΑΣ ΕΝΗΜΕΡΩΣΗΣ | |
| Πεδίο ελέγχου | 20250605164138.0 |
| 008 - FIXED-LENGTH DATA ELEMENTS--GENERAL INFORMATION | |
| Πεδίο ελέγχου σταθερού μήκους | 250528s ||||||||||||||||||||||||d |
| 035 ## - SYSTEM CONTROL NUMBER | |
| System control number | 18840 |
| 020 ## - ISBN | |
| ISBN | 566008548 |
| 040 ## - ΠΗΓΗ ΚΑΤΑΛΟΓΟΓΡΑΦΗΣΗΣ | |
| Φορέας πρωτότυπης καταλογογράφησης | MC Athens Campus Library |
| Γλώσσα καταλογογράφησης | Ελληνικά, Μοντέρνα (1453-) |
| Modifying agency | MC Athens Campus Library |
| Κανόνες περιγραφικής καταλογογράφησης | AACR2 |
| 245 1# - ΤΙΤΛΟΣ ΚΑΙ ΔΗΛΩΣΗ ΥΠΕΥΘΥΝΟΤΗΤΑΣ | |
| Τίτλος | International Railway Economics / Studies in Management and Efficiency |
| 260 ## - PUBLICATION, DISTRIBUTION, ETC. | |
| Name of publisher, distributor, etc. | Gower Publishing, |
| Date of publication, distribution, etc. | 1985 |
| 300 ## - PHYSICAL DESCRIPTION | |
| Extent | 338 |
| 520 ## - SUMMARY, ETC. | |
| Summary, etc. | The theme of this book is the need to improve efficiency within railway operations and the contributors offer constructive suggestions based upon detailed assessment of specific problems. Preface, Introduction, Management and Performance Indicators, A Survey of Recent Developments in the Measurement of Rail Total Factor Productivity, Revitalization of the US Rail Freight Industry: An Organizational Perspective, The Development of Management Information to Meet the Needs of a New Management Structure for British Rail, Costing, Rail Cost Analysis, The Consistent Treatment of Rail and Road Freight Costs in Australia, Forecasting and Evaluation and Investment, The Determinants of Fixed-Rail Transit Demand - An International Cross-Sectional Comparison, An Evaluation of the Tyne side Metro, Forecasting Rail Freight Flows in Britain, Efficiency, European Railway Comparisons - What Can we Learn?, Railways in Rural Areas, Efficiency of Railway Transportation: The Indian Experience, Name and Subject Index. |
| 700 1# - ΠΡΟΣΘΕΤΗ ΑΝΑΓΡΑΦΗ--ΦΥΣΙΚΟ ΠΡΟΣΩΠΟ | |
| Personal name | Button K.J |
| 9 (RLIN) | 5109 |
| 700 1# - ΠΡΟΣΘΕΤΗ ΑΝΑΓΡΑΦΗ--ΦΥΣΙΚΟ ΠΡΟΣΩΠΟ | |
| Personal name | Pitfield D.E |
| 9 (RLIN) | 5110 |
| 942 ## - ADDED ENTRY ELEMENTS (KOHA) | |
| Koha item type | Books |
| Τύπος τεκμηρίου | Βιβλιοθήκη | Τρέχουσα τοποθεσία | Barcode | Αριθμός εισαγωγής | Ημερομηνία απόκτησης | Ταξιθετικό σύμβολο | Αριθμός αντιτύπου | Κατάσταση απόσυρσης | Κατάσταση χαμένου | Κατάσταση κατεστραμμένου | Μη δανεισμός | Σύνολο δανεισμών | Ημερομηνία τελευταίας εμφάνισης | Η τιμή ισχύει από |
|---|---|---|---|---|---|---|---|---|---|---|---|---|---|---|
| Books | MC Athens Campus Library | MC Athens Campus Library | 9780000041517 | 3754 | 05/06/2025 | 385/.068 BUT | 2 | 05/06/2025 | 05/06/2025 |